| 000 | 01174nam a22003255i 4500 | ||
|---|---|---|---|
| 999 |
_c57442 _d57442 |
||
| 001 | 21337619 | ||
| 005 | 20221107114700.0 | ||
| 008 | 191216s2015 pau 000 0 eng | ||
| 010 | _a 2019957237 | ||
| 020 |
_a9780323636391 X _q(paperback) |
||
| 020 |
_z9780323636414 X _q(ebook) |
||
| 020 | _z9780702052385 X | ||
| 041 | _aeng | ||
| 042 | _apcc | ||
| 080 | _a611(084) G-71 | ||
| 245 | 0 | 0 |
_aGray's atlas of anatomy / _cRichard L. Drake, A. Wayne Vogl, Adam W.M. Mitchell, Richard M. Tibbitts, Paul E. Richardson. |
| 250 | _asecond edition | ||
| 263 | _a2002 | ||
| 264 | 1 |
_aPhiladelphia : _bElsevier, _c2015 |
|
| 300 |
_a626 pages ; _b28 cm. |
||
| 653 | _aმედიცინა | ||
| 653 | _aადამიანის ანატომია | ||
| 700 | 1 |
_aDrake, Richard L., _eრედაქტორი _98647 |
|
| 700 | 1 |
_aVogl, A. Wayne, _eრედაქტორი _98422 |
|
| 700 | 1 |
_aMitchell, Adam W.M., _eრედაქტორი _98648 |
|
| 700 | 1 |
_aTibbitts, Richard M., _eმხატვარი _98649 |
|
| 700 | 1 |
_aRichardson, Paul E., _eმხატვარი _98650 |
|
| 700 | 1 |
_aHorn, Ansell, _eother. _98651 |
|
| 942 |
_2udc _cBK |
||